| 000 | 00743nam a2200229Ia 4500 | ||
|---|---|---|---|
| 003 | GCL | ||
| 008 | 140319s9999 xx 000 0 ara d | ||
| 040 |
_aGCL / _cGCL |
||
| 082 | 0 | 4 |
_a377.1 _bع ف |
| 100 | 1 | _aعبدالغنى العبود | |
| 245 | 1 | 0 |
_aالفكر التربوى عند الغزالى كما يبدو من رسالته (ايها الولد) / _cعبدالغنى العبود |
| 260 |
_a[S.N] : _bدار الفكر العربى ، _c1982 |
||
| 300 | _a250 ص | ||
| 490 | _a | ||
| 650 | 0 | 4 | _aالفلسفة الاسلامية |
| 650 | 0 | 4 | _aطرق التدريس |
| 650 | 0 | 4 | _aالفلسفة |
| 650 | 0 | 4 | _aالتعليم |
| 650 | 0 | 4 | _aالغزالى |
| 650 | 0 | 4 | _aالتربية الاسلامية |
| 942 |
_2ddc _cBK |
||
| 999 |
_c31341 _d31341 |
||